000
00243nam a2200097Ia 4500
001
1208184
005
20250827022841.0
008
250824s9999 xx 000 0 und d
245
0
_a
AYLAKLAR
_c
MELİH CEVDET ANDAY
260
_b
EVEREST YAYINLARI
999
_c
1208184
_d
1208184